Analyse der Wirtschaftssprache Deutsch anhand der Beispiele aus dem österreichischen Wirtschaftsmagazin trend und der deutschen Wirtschaftswoche

Guardado en:
Detalles Bibliográficos
Autor principal: Pospíšilová, Jana, 1950-
Formato: Capítulo de libro
Lenguaje:alemán
Materias:
Etiquetas: Agregar Etiqueta
Sin Etiquetas, Sea el primero en etiquetar este registro!

MARC

LEADER 00000naa$a2200000$$$4500
001 0241609
005 20240502083648.4
041 0 |a ger 
044 |a DE 
245 1 0 |a Analyse der Wirtschaftssprache Deutsch anhand der Beispiele aus dem österreichischen Wirtschaftsmagazin trend und der deutschen Wirtschaftswoche  |c Jana Pospíšilová 
610 2 0 |a jazyk odborný 
610 2 0 |a jazyky cudzie 
610 2 0 |a nemčina 
610 2 0 |a tlač 
610 2 0 |a časopisy 
100 1 |a Pospíšilová, Jana, 1950-